| 000 | 00715nam a2200217 a 4500 | ||
|---|---|---|---|
| 005 | 20250617063825.0 | ||
| 008 | 140214s2008 mx r 000 0 spa d | ||
| 020 | _a9788497887632 | ||
| 035 | _aUPN01000195817 | ||
| 049 | _aCG | ||
| 050 | 4 |
_aAM7 _bC3.5 |
|
| 100 | 1 |
_aCastellanos Pineda, Patricia _935475 |
|
| 245 | 1 | 4 |
_aLos museos de ciencias y el consumo cultural : _buna mirada desde la comunicación / _cPatricia Castellanos Pineda. |
| 260 |
_aBarcelona, Esp. : _bUOC, _cc2008. |
||
| 300 |
_a228 p. : _bgráfs. |
||
| 440 | 0 |
_aAcción cultura. _pMuseos y patrimonio ; _v1 |
|
| 650 | 4 |
_aMuseos _xAspectos educativos _922880 |
|
| 650 | 4 |
_aCULTURA - _xASPECTOS SOCIALES _96808 |
|
| 905 | _aLibro | ||
| 999 |
_c167918 _d167918 |
||